Estadísticas para Historia por Letra - S

Haz click aquí para intentar la prueba.

Estadísticas generales

  • Esta prueba ha sido intentada 2.802 veces
  • La puntuación promedio es 11 de 20

Estadísticas de respuestas

PistaRespuesta% Correcto
El maestro de PlatónSócrates
87%
Se estima que fue responsable de más de 20 millones de muertes en la URSS.Iósif Stalin
85%
El canal que fue completado en 1869Suez
82%
Basílica que ha estado en construcción desde 1882Sagrada Familia
81%
La nobleza militar del Japón medievalSamurái
74%
País que rechazó el apartheid en 1994Sudáfrica
73%
Movimiento artístico de Salvador Dalí{Surreal}ismo
72%
El fabricante de violines más famoso de la historiaAntonio Stradivari
68%
El dramaturgo isabelino que a veces es llamado "El Bardo"William Shakespeare
67%
El cuerpo político más importante de la República RomanaSenado
63%
Término para una persona que hizo campaña por el derecho al voto de las mujeresSufragista
57%
La ciudad donde nació MozartSalzburgo
56%
El primer satélite artificialSputnik 1
54%
Título del gobernante otomanoSultán
54%
El idioma indio en el que se escribieron las escrituras hindúesSánscrito
37%
La omnisciente policía secreta de Alemania OrientalStasi
24%
Dinastía de China de 960 a 1279Song
21%
El Rey Eduardo VIII abdicó para casarse con ellaWallis Simpson
19%
La religión monoteísta fundada en el norte de la India en el siglo XVSijismo
15%
"Este es el lugar", dijo Brigham YoungSalt Lake City
12%

Distribución de puntuación

Porcentaje por número respondido

Porcentaje de gente con cada puntuación

Historial de tus puntuaciones

No has intentado esta prueba.